000 00598nam a2200253Ia 4500
005 20260123164111.0
008 008 260114s9999 xx 000 0 eng d
020 _a9789354431326
037 _aEBOOK
040 _aCRL
040 _beng
040 _cCRL
041 _2eng
041 _aeng
084 _qCRL
100 _aKELKAR, S. A.
_91105910
245 0 _aSOFTWARE ENGINEERING : A CONCISE STUDY
260 _bPHI
260 _c2021
856 _uhttps://elibrary.phindia.com/ebooks/reader/9789354431326du
942 _cEBOOK
999 _c1671033
_d1671033